00396nam a2200109Ia 4500008004100000100002200041245007700063260004600140300001800186650001300204856006900217160712s9999 xx 000 0 und d aCunanan, Farah C. cFarah C. CunananaAng Dialect Area ng Bikol-Sorsogon: Isang Paunang Suri c2015bDaluyan: Journal ng Wikang Filipino avol. 21 no. 1 xFILIPINO uhttp://journals.upd.edu.ph/index.php/djwf/issue/view/525/showToc